• 首页
  • 本馆介绍
  • 公告通知
  • 最新文献
  • 馆藏检索
  • 电子资源
  • 读者导购
  • 参考咨询
  • 我的图书馆
  • 登录
  • 详细信息显示
  • 放入我的书架
  • 预约/预借图书
  • 作者相关作品
  • 分类相关作品
  • 丛书相关作品
  • 出版社相关作品

书目信息

  • 表格格式
  • 工作单格式
  • 卡片格式
题名:
天一阁藏明代方志选刊
    
 
作者:
分册: 三   正德大名府志(河北省)
出版信息:    
页数: 1册
开本: 19cm
丛书名:
单 册:
中图分类: K290.48
科图分类:
主题词: 中国--地方史 , 中国--地方志
电子资源:
ISBN:
000 00728nam0 2200241 45 961
001 0191008565
005 20060915101355.75
010    @b精装@dCNY12.50
100    @a19950215d y0chiy0121 ea
101 0  @achi
105    @ay 000yy
106    @ar
200 10 @a天一阁藏明代方志选刊@Atian yi ge cang ming dai fang zhi xuan kan@h三@i正德大名府志(河北省)
205    @b影印本
210    @e上海@g上海古籍书店@h1964@h1981重印
215    @a1册@d19cm
305    @a1996年中华书局据上海编辑所宁波天一阁藏明正德刻本影印
517 1  @a正德大名府志(河北省)@Azheng de da ming fu zhi(he bei sheng)
606 0  @a中国@x地方史
606 0  @a中国@x地方志
690    @aK290.48@v3
801 0  @c20060915
905    @a10447@dK290.48@e8:3
    
    天一阁藏明代方志选刊.三.正德大名府志(河北省).-影印本.-(上海:上海古籍书店,1964,1981重印)
    1册;19cm
    
    
    ISBN (精装):CNY12.50
    
●
相关链接 在E读中查询图书 在五车中查询图书 在当当中查询图书 在豆瓣中查询图书


正题名:天一阁藏明代方志选刊     索取号:K290.48/8:3         预约/预借

序号 登录号 条形码 馆藏地/架位号 状态 备注
1 0087027   000814177   古籍典藏专区/ [索取号:K290.48/8:3] 在馆    
唐山师范学院图书馆 欢迎您!
大连网信软件有限公司© 版权所有